[Event "Moravia-Silesia Region-chT 2223"]
[Site "Czech Republic"]
[Date "2023.03.19"]
[Round "10"]
[White "Kolecek, Jiri"]
[Black "Berezjuk, Rostislav"]
[Result "0-1"]
[WhiteElo "1734"]
[BlackElo "1947"]
[PlyCount "94"]
[EventDate "2022.10.09"]
[EventType "team-tourn"]
[EventRounds "11"]
[EventCountry "CZE"]
[SourceTitle "EXT 2024"]
[Source "ChessBase"]
[SourceDate "2023.10.10"]
[SourceVersion "1"]
[SourceVersionDate "2023.10.10"]
[SourceQuality "1"]
[WhiteTeam "Koprivnice Tatra II"]
[BlackTeam "Senov"]
[WhiteTeamCountry "CZE"]
[BlackTeamCountry "CZE"]

1. e4 e5 2. Nf3 Nf6 3. d3 Nc6 4. Nc3 Bb4 5. Bd2 d5 6. exd5 Nxd5 7. Nxd5 Bxd2+ 8. Qxd2 Qxd5 9. Be2 Be6 10. a3 0-0-0 11. 0-0 e4 12. Ne1 Nd4 13. dxe4 Qxe4 14. Bd3 Qg4 15. Qe3 Rhe8 16. Qg3 Qxg3 17. hxg3 Bd5 18. f3 Bc6 19. a4 g6 20. b4 b6 21. b5 Bb7 22. Kf2 Re5 23. f4 Rc5 24. g4 Re8 25. Ra2 Be4 26. Rh1 Bxd3 27. cxd3 Rc1 28. Rf1 Rd1 29. Rb2 Kb7 30. Ra2 a6 31. Nf3 Rxf1+ 32. Kxf1 Nxf3 33. gxf3 Re3 34. Kf2 Rxd3 35. bxa6+ Kxa6 36. Kg3 Ka5 37. Rh2 c5 38. Rxh7 Rd7 39. f5 gxf5 40. g5 c4 41. g6 Rd8 42. gxf7 Rf8 43. Kf4 c3 44. Ke3 Kxa4 45. Rh6 b5 46. Kd3 Kb3 47. Rd6 Rxf7 0-1

[Event "Banska Stiavnica V4 op"]
[Site "Banska Stiavnica"]
[Date "2017.07.08"]
[Round "1"]
[White "Berezjuk, Rostislav"]
[Black "Zatko, Gregor"]
[Result "1/2-1/2"]
[WhiteElo "1875"]
[BlackElo "2218"]
[PlyCount "43"]
[EventDate "2017.07.08"]
[EventType "swiss"]
[EventRounds "9"]
[EventCountry "SVK"]
[SourceTitle "CBM 179 Extra"]
[Source "ChessBase"]
[SourceDate "2017.08.23"]
[SourceVersion "1"]
[SourceVersionDate "2017.08.23"]
[SourceQuality "1"]

1. d4 Nc6 2. Bf4 d6 3. e3 Nf6 4. Nf3 g6 5. Be2 Bg7 6. h3 0-0 7. 0-0 Nd7 8. c4 e5 9. Bh2 exd4 10. exd4 Qf6 11. Nc3 Nxd4 12. Nxd4 Qxd4 13. Nd5 Qxb2 14. Rb1 Qxa2 15. Nxc7 Nb6 16. Nxa8 Nxa8 17. Bf3 Qxc4 18. Bxb7 Bf5 19. Rc1 Qb4 20. Bxa8 Rxa8 21. Qxd6 Qb2 22. Rc7 1/2-1/2

[Event "Liptovsky Mikulas CupT U20"]
[Site "Liptovsky Mikulas"]
[Date "2016.06.23"]
[Round "5.2"]
[White "Berezjuk, Rostislav"]
[Black "Holly, Andrej"]
[Result "1/2-1/2"]
[WhiteElo "1588"]
[BlackElo "1752"]
[PlyCount "71"]
[EventDate "2016.06.21"]
[EventType "team-swiss"]
[EventRounds "8"]
[EventCountry "SVK"]
[SourceTitle "CBM 173 Extra"]
[Source "ChessBase"]
[SourceDate "2016.08.29"]
[SourceVersion "1"]
[SourceVersionDate "2016.08.29"]
[SourceQuality "1"]
[WhiteTeam "V4 International"]
[BlackTeam "Liptov Chess School (U20)"]
[WhiteTeamCountry "POL"]
[BlackTeamCountry "SVK"]

1. d4 Nf6 2. Bf4 g6 3. Nf3 Bg7 4. e3 0-0 5. c4 d6 6. Be2 c5 7. Nc3 Bf5 8. 0-0 Nh5 9. Qd2 Nxf4 10. exf4 Nc6 11. d5 Nd4 12. Nxd4 Bxd4 13. Rfe1 Re8 14. Bd3 Qd7 15. Rad1 Bg4 16. Be2 e5 17. Bxg4 Qxg4 18. Ne2 exf4 19. Nxd4 cxd4 20. Qxd4 Re2 21. h3 Rxe1+ 22. Rxe1 Qg5 23. Qd2 Qf6 24. b4 b6 25. c5 bxc5 26. bxc5 dxc5 27. d6 Rd8 28. d7 Kf8 29. Rd1 Qc6 30. Qxf4 Rxd7 31. Qb8+ Kg7 32. Rxd7 Qxd7 33. Qe5+ Kg8 34. Qxc5 Qb7 35. a4 Qa6 36. Qd4 1/2-1/2

[Event "Kouty nad Desnou op-B"]
[Site "Kouty nad Desnou"]
[Date "2014.03.11"]
[Round "5"]
[White "Miratsky, Petr"]
[Black "Berezjuk, Rostislav"]
[Result "1/2-1/2"]
[WhiteElo "1637"]
[BlackElo "1371"]
[PlyCount "80"]
[EventDate "2014.03.08"]
[EventType "swiss"]
[EventRounds "9"]
[EventCountry "CZE"]
[SourceTitle "EXT 2015"]
[Source "ChessBase"]
[SourceDate "2014.11.20"]
[SourceVersion "1"]
[SourceVersionDate "2014.11.20"]
[SourceQuality "1"]

1. e4 e5 2. Nf3 Nf6 3. Nxe5 d6 4. Nf3 Nxe4 5. d4 d5 6. Bd3 Nc6 7. c3 Bd6 8. Nbd2 0-0 9. 0-0 Re8 10. Re1 Bf5 11. Qc2 Nxd2 12. Bxd2 Bxd3 13. Qxd3 a6 14. Rxe8+ Qxe8 15. Ng5 g6 16. Qh3 h5 17. Re1 Qc8 18. Qf3 Qf5 19. Qxf5 gxf5 20. Nh3 Ne7 21. Bf4 Ng6 22. Bxd6 cxd6 23. f3 Kf8 24. Nf2 Re8 25. Rxe8+ Kxe8 26. Nd3 Ke7 27. Kf2 f4 28. b3 a5 29. a4 Ke6 30. b4 b6 31. bxa5 bxa5 32. Nc1 Ne7 33. Nb3 Nc6 34. g3 Kf5 35. gxf4 Kxf4 36. Nc1 h4 37. Nd3+ Kg5 38. h3 Kf5 39. Ke3 Ne7 40. Nb2 Ng6 1/2-1/2